000 00559nam a2200169 i 4500
001 176859
003 ES-MaACL
005 20240301063059.0
008 110215s1864 sp |||| | spa d
080 _a821.134.2-31"18"
100 1 _aPérez de Guzmán y Gallo, Juan,
_d1841-1928
_990777
245 1 4 _aLas hadas
_b: leyenda original al estilo de los orientales /
_cpor Juan P. de Guzmán.
260 _aMadrid :
_bDorregaray,
_c1864 (
_fTomás Rey)
300 _a156, [2] p. ;
_c26 cm.
852 _aES-MaACL
_jT-175-F-1
999 _c176859
_d176859